Molecular propagation through electron energy level crossings
Saved in:
| Main Author: | |
|---|---|
| Format: | Book |
| Language: | English |
| Published: |
Providence, R.I. :
American mathematical Society,
1994
|
| Series: | Memoirs of the American Mathematical Society ;
; 536 |
| Subjects: | |
| Tags: |
Add Tag
No Tags, Be the first to tag this record!
|
MARC
| LEADER | 00000nam a2200000 i 4500 | ||
|---|---|---|---|
| 001 | 1/90638 | ||
| 008 | 990929s1994 eng d | ||
| 020 | |a 0-8218-2605-0 | ||
| 035 | |l 10053198 | ||
| 040 | |a GR-MY-UA |b gre |e aacr | ||
| 041 | 0 | |a eng | |
| 082 | 0 | |a 539.6 | |
| 100 | 1 | |a Hagedorn, George A. (George Allan) |d 1953- | |
| 245 | 1 | 0 | |a Molecular propagation through electron energy level crossings / |c George A. Hagedorn |
| 260 | |a Providence, R.I. : |b American mathematical Society, |c 1994 | ||
| 300 | |a vi, 130 p.; |b ill.; |c 26 cm. | ||
| 490 | 1 | |a Memoirs of the American Mathematical Society |v ; 536 | |
| 500 | |a "Volume 111, number 536 (end of volume)." | ||
| 500 | |a Includes bibliographical references | ||
| 650 | 0 | 0 | |a Born-Oppenheimer approximation. |
| 650 | 0 | 0 | |a Molecular dynamics |x Mathematics. |
| 650 | 0 | 0 | |a Energy levels (Quantum mechanics) |x Mathematics. |
| 830 | 0 | |a Memoirs of the American Mathematical Society ; |v ; 536 | |
| 852 | |a INST |b SAMOS |e 19990929 |h 539.6 HAG |p 005300012434 |q 005300012434 |t BK |y 0 | ||
| 901 | |a BIBL3-1999-3 | ||
| 909 | |a Σ |b 063349 | ||
| 922 | |a 3ΕΛΗ |b 199907 |c ΕΠΕΑΕΚ/ΜΑΘ |d ΠΑΠΑΣΩΤΗΡΙΟΥ | ||
| 970 | |a ΠΟΥΡΝΑΡΑΣ |b ΔΗΜΗΤΡΗΣ |z 1999/09/29 | ||